000 00404nam a2200157Ia 4500
008 230917s9999||||xx |||||||||||||| ||und||
020 _cPON0.85
040 _e12685
_aMAIN
041 _aEnglish
082 _a301.441 H212W
100 _aHaraszti, Mikles
245 0 _aWorker in a worker's state: Piece rates in hungry
260 _aMiddlesex
_bPenguin Books
_c1977
300 _a175 p.
942 _cBK
999 _c197150
_d197150